Statistics for 10 Newest iPhones

Click here to take the quiz!

General Stats

  • This quiz has been taken 106 times
  • The average score is 8 of 10

Answer Stats

Answer% Correct
2012Iphone 5
97%
2015Iphone 6
93%
2010Iphone 4
92%
2011Iphone 4s
85%
2013Iphone 5s
84%
2013Iphone 5c
78%
2015Iphone 6s
78%
2015Iphone 6 plus
68%
2016Iphone SE
63%
2015Iphone 6s plus
55%

Score Distribution

Percentile by Number Answered

Percent of People with Each Score

Your Score History

You have not taken this quiz